东方Project新作+官漫全人物(附图) ~TouHou Characters Diary - Statistics

General Stats
  • This quiz has been taken 74 times
    3 since last reset
  • The average score is 47 of 138
Answer Stats
Picture Hint Answer % Correct
大妖精Daiyousei
100%
博丽灵梦Hakurei Reimu
100%
雾雨魔理沙Kirisame Marisa
100%
露米娅Rumia
100%
秋穰子Aki Minoriko
50%
秋静叶Aki Sizuha
50%
爱丽丝·玛格特洛依德Alice Margatroid
50%
橙Chen
50%
(可写梗) 琪露诺Cirno
50%
克劳恩皮丝Clownpiece
50%
哆来咪·苏伊特Doremy Sweet
50%
芙兰朵露·斯卡蕾特Flandre Scarlet
50%
藤原妹红Fujiwara no Mokou
50%
豪德寺三花Goutokuzi Mike
50%
秦心Hata no Kokoro
50%
圣白莲Hijiri Byakuren
50%
姬海棠果/姬海棠羽立Himekaidou Hatate
50%
比那名居天子Hinanawi Tenshi
50%
红美铃Hong Meirin
50%
堀川雷鼓Horikawa Raiko
50%
蓬莱山辉夜Houraisan Kaguya
50%
(可写水果) 伊吹萃香Ibuki Suika
50%
因幡天为/因幡帝Inaba Tewi
50%
犬走椛Inubashiri Momizi
50%
十六夜咲夜Izayoi Sakuya
50%
纯狐Junko
50%
火焰猫燐Kaenbyou Rin
50%
键山雏Kagiyama Hina
50%
霍青娥Kaku Seiga
50%
(可写职称) 上白泽慧音Kamishirasawa Keine
50%
幽谷响子Kasodani Kyouko
50%
(可写种族) 河城荷取Kawasiro Nitori
50%
风见幽香Kazami Yuka
50%
琪斯美Kisume
50%
(右边的女孩) 小恶魔Koakuma
50%
东风谷早苗Kochiya Sanae
50%
古明地恋Komeiji Koishi
50%
(可写爱称) 古明地觉Komeiji Satori
50%
魂魄妖梦Konpaku Youmu
50%
云居一轮Kumoi Ichirin
50%
黑谷山女Kurodani Yamame
50%
蕾蒂·霍瓦特洛克Letty Whiterock
50%
莉莉霍瓦特/莉莉白Lilywhite
50%
露娜切露德Luna Child
50%
露娜萨·普莉兹姆利巴Lunasa Prismriver
50%
(中间的女孩) 莉莉卡·普莉兹姆利巴Lyrica Prismriver
50%
玛艾露贝莉·赫恩Maribel Hearn
50%
梅蒂欣·梅兰可莉Medicine Melancholy
50%
梅露兰·普莉兹姆利巴Merlin Prismriver
50%
宫古芳香Miyako Yoshika
50%
水桥帕露西Mizuhashi Parsee
50%
物部布都Mononobe no Futo
50%
(可写职称) 森近霖之助Morichika Rinnosuke
50%
洩矢诹访子/泄矢诹访子Moriya Suwako
50%
村纱水蜜Murasa Minamitsu
50%
(可写梗) 米斯蒂娅·萝蕾拉Mystia Lorelei
50%
永江衣玖Nagae Iku
50%
娜兹玲Nazrin
50%
小野塚小町Onozuka Komachi
50%
帕秋莉·诺蕾姬Patchouli Knowledge
50%
铃仙二号Reisen
50%
铃仙·优昙华院·因幡Reisen Udongein Inaba
50%
灵乌路空Reiuji Utsuho
50%
蕾米莉亚·斯卡蕾特Remilia Scarlet
50%
铃瑚Ringo
50%
西行寺幽幽子Saigyouji Yuyuko
50%
清兰Seiran
50%
赤蛮奇Sekibanki
50%
四季映姬·夜摩仙那度/亚玛萨那度Shikieiki Yamaxanadu
50%
苏我屠自古Soga no Toziko
50%
斯塔萨菲雅Star Sapphire
50%
(可写英文直译 后两个均可) 桑尼米尔克Sunny Milk
50%
射命丸文Syameimaru Aya
50%
多多良小伞Tatara Kogasa
50%
寅丸星Toramaru Shou
50%
九十九弁弁Tsukumo Benben
50%
九十九八桥Tsukumo Yatsuhashi
50%
(云) 云山Unzan
50%
宇佐见莲子Usami Renko
50%
宇佐见堇子Usami Sumireko
50%
若鹭姬Wakasagihime
50%
绵月丰姬Watatsuki no Toyohime
50%
绵月依姬Watatsuki no Yorihime
50%
莉格露·奈特巴格Wriggle Nightbug
50%
八意永琳Yagokoro Eirin
50%
八云蓝Yakumo Ran
50%
八云紫Yakumo Yukari
50%
八坂神奈子Yasaka Kanako
50%
依神女苑Yorigami Jyoon
50%
依神紫苑Yorigami Shion
50%
尘塚姥芽Chirizuka Ubame
0%
戎璎花Ebisu Eika
0%
爱塔妮缇拉尔瓦Eternity Larva
0%
(可写爱称) 二岩猯藏Futatsuiwa Mamizou
0%
埴安神袿姬Haniyasushin Keiki
0%
赫卡提亚·拉碧斯拉祖利Hecatia Lapislazuli
0%
稗田阿求Hieda no Akyuu
0%
姬虫百百世Himemushi Momoyo
0%
星熊勇仪Hoshiguma Yugi
0%
封兽魑魅Houju Chimi
0%
封兽鵺Houjuu Nue
0%
茨木华扇Ibaraki Kasen
0%
饭纲丸龙Iizunamaru Megumu
0%
今泉影狼Imaizumi Kagerou
0%
磐永阿梨夜Iwanaga Ariya
0%
杖刀偶磨弓Joutougu Mayumi
0%
鬼人正邪Kijin Seija
0%
稀神探女Kisin Sagume
0%
吉吊八千慧Kitcho Yachie
0%
驹草山如Komakusa Sannyo
0%
高丽野阿吽Komano Aunn
0%
菅牧典Kudamaki Tsukasa
0%
骊驹早鬼Kurokoma Saki
0%
摩多罗隐岐奈Matara Okina
0%
道神驯子Michigami Nareko
0%
三头慧之子Mitsugashira Enoko
0%
宫出口瑞灵Miyadeguchi Mizuchi
0%
(可写梗) 本居小铃Motoori Kosuzu
0%
日白残无Nippaku Zanmu
0%
尔子田里乃Nishida Satono
0%
(可写爱称) 庭渡久侘歌Niwatari Kutaka
0%
(可写爱称) 奥野田美宵Okunoda Miyoi
0%
坂田合欢Sakata Nemuno
0%
孙美天Son Biten
0%
少名针妙丸Sukuna Shinmyoumaru
0%
玉造魅须丸Tamatsukuri Misumaru
0%
丁礼田舞Teireida Mai
0%
天火人血枪Tenkajin Chiyari
0%
天弓千亦Tenkyu Chimata
0%
朱鹭子Tokiko
0%
饕餮尤魔Toutetsu Yuma
0%
丰聪耳神子Toyosatomimi no Miko
0%
(可写爱称) 牛崎润美Ushizaki Urumi
0%
渡里贝子Watari Nina
0%
(可写种族) 山城高岭Yamashiro Takane
0%
矢田寺成美Yatadera Narumi
0%
豫母都日狭美Yomotsu Hisami
0%
维缦·浅间Yuiman Asama
0%
No matching quizzes found
Score Distribution
Percent of People with Each Score
Percentile by Number Answered
Your Score History
You have not taken this quiz since the last reset